| 000 | 00886 a2200193 4500 | ||
|---|---|---|---|
| 003 | Nust | ||
| 005 | 20221205123249.0 | ||
| 010 | _a 88013011 | ||
| 020 | _a0071006931 | ||
| 040 | _cNust | ||
| 082 | 0 | 0 | _a621.381535,DAI |
| 100 | 1 |
_aDailey, Denton J. _9104127 |
|
| 245 | 1 | 0 |
_aOperational amplifiers and linear integrated circuits : _btheory and applications / _cDenton J. Dailey. |
| 260 |
_aNew York : _bMcGraw-Hill, _cc1989 |
||
| 300 |
_axii, 418 p. : _bill. ; _c25 cm. |
||
| 505 | _aDifferential Amplifiers (Page-1), Introduction to Operational Amplifiers (Page-56), Practical op Amp Considerations (Page-85), Op Amp Applications Part-A (Page-111), Op Amp Applications Part-B (Page-146), Active Filters (Page-189), Specialized Linear Ics (Page-234), Data Conversion Devices (Page-295), Voltage Regulators (Page-346). | ||
| 650 | 0 | _aTelecommunication Engineering. | |
| 942 |
_2ddc _cBK |
||
| 999 |
_c182419 _d182419 |
||